| 000 | 00520nam a2200145Ia 4500 | ||
|---|---|---|---|
| 008 | 140724s9999 xx 000 0 und d | ||
| 050 |
_aT 58.6 _b.G258 2012 |
||
| 100 | _aGatchalian, Allen Troy L. | ||
| 245 |
_aTime management system and billing software of Desiree Ocean's Internet Café / _cAllen Troy L. Gatchalianl. |
||
| 260 |
_aLas Piñas, Philippines : _bSouthville International School and Colleges, _cc2012. |
||
| 300 |
_a39 p. : _c28 cm. |
||
| 521 | _aInformation Technology | ||
| 942 | _cTH | ||
| 999 |
_c228826 _d228826 |
||